002700000a2200109000450024500180000065000150001865000220003365000170005504100140007210000150008677300590010110aDermatoglifos14aGenética14aPatrones palmares14aEnfermedades0 aEspañol1 aAntich, J.1 tGenética Media - Edt. Egozma, J.3592q495-502d1978